[Event "XXIIè OPEN DEL CATALUNYA ESCAC"]
[Site "Casinet de Hostafrancs"]
[Date "2008.03.18"]
[Round "3.6"]
[White "Garcia Riera, Josep"]
[Black "Roca Diaz, Miguel Angel"]
[Result "1/2-1/2"]
[WhiteElo "2012"]
[BlackElo "2096"]
[PlyCount "101"]
[EventDate "2008.03.16"]

1. d4 Nf6 2. c4 d6 3. Nc3 Nbd7 4. e4 e5 5. d5 Be7 6. Nf3 Nc5 7. Qc2 a5 8. Be2
O-O 9. O-O Bd7 10. b3 c6 11. Bg5 Nxd5 12. Bxe7 Nxe7 13. Rfd1 Qc7 14. Qd2 Nc8
15. Qe3 b6 16. Rd2 Bg4 17. Rad1 Bxf3 18. Bxf3 Ne6 19. Ne2 Qe7 20. Bg4 g6 21.
Bxe6 Qxe6 22. f4 f5 23. exf5 Qxf5 24. fxe5 Re8 25. Nd4 Qxe5 26. Qxe5 Rxe5 27.
Nxc6 Rc5 28. Nd4 a4 29. Nb5 axb3 30. axb3 Rf5 31. Nxd6 Nxd6 32. Rxd6 Ra2 33.
R6d2 Ra3 34. Rb2 b5 35. cxb5 Rxb5 36. Rd3 Rf5 37. Rf3 Rb5 38. Kf2 Kg7 39. Ke2
Rb4 40. Kd2 h5 41. Kc3 Rg4 42. g3 h4 43. Rf4 Rxf4 44. gxf4 Kf6 45. Kc4 Kf5 46.
b4 Kxf4 47. b5 g5 48. b6 Ra8 49. b7 Rb8 50. Kd3 Kf3 51. Kd4 1/2-1/2

[Event "XXIIè OPEN DEL CATALUNYA ESCAC"]
[Site "Casinet de Hostafrancs"]
[Date "2008.03.18"]
[Round "3.7"]
[White "Martorell Aubanell, Adria"]
[Black "Ridameya Tatche, Jose"]
[Result "1/2-1/2"]
[WhiteElo "2024"]
[BlackElo "2141"]
[PlyCount "28"]
[EventDate "2008.03.16"]

1. e4 e5 2. Nf3 Nc6 3. d4 exd4 4. Nxd4 Qh4 5. Nb5 Bc5 6. Qe2 Nd4 7. Nxd4 Bxd4
8. c3 Bb6 9. g3 Qe7 10. Bg2 d6 11. a4 a6 12. Nd2 Nf6 13. Nc4 Ba7 14. Be3 Bxe3
1/2-1/2

[Event "XXIIè OPEN DEL CATALUNYA ESCAC"]
[Site "Casinet de Hostafrancs"]
[Date "2008.03.18"]
[Round "3.8"]
[White "Prunes Bosch, Alex"]
[Black "Julbe Canet, Josep"]
[Result "1-0"]
[WhiteElo "1689"]
[BlackElo "2090"]
[PlyCount "95"]
[EventDate "2008.03.16"]

1. d4 Nf6 2. c4 g6 3. Nc3 Bg7 4. e4 d6 5. Be2 O-O 6. Bg5 Nbd7 7. Qd2 Re8 8. Nf3
c5 9. d5 a6 10. a4 Ng4 11. O-O h6 12. Bh4 Kh7 13. Ne1 h5 14. h3 Nh6 15. f4 f5
16. Bd3 fxe4 17. Nxe4 Bf6 18. Ng5+ Bxg5 19. Bxg5 Nf5 20. Bxf5 gxf5 21. Qe2 Kg6
22. Qe6+ Nf6 23. Qe2 Bd7 24. Nf3 Rh8 25. Rfe1 Ne4 26. Bh4 b5 27. axb5 axb5 28.
Rxa8 Qxa8 29. Ng5 Re8 30. Nxe4 fxe4 31. Qxe4+ Bf5 32. Qe2 bxc4 33. Qxc4 Qa7 34.
Kh2 Qd7 35. Qc3 Kh7 36. Qf3 e5 37. Qxh5+ Kg7 38. Qg5+ Kh7 39. fxe5 Rxe5 40.
Rxe5 dxe5 41. Qe7+ Qxe7 42. Bxe7 c4 43. g4 Bd7 44. Kg3 Kg6 45. Kf3 Kf7 46. Bh4
Ba4 47. Ke4 Bb3 48. Kxe5 1-0

[Event "XXIIè OPEN DEL CATALUNYA ESCAC"]
[Site "Casinet de Hostafrancs"]
[Date "2008.03.18"]
[Round "3.9"]
[White "Campo Echevarria, Juan Francisco"]
[Black "Garreta Martinez, Albert"]
[Result "1/2-1/2"]
[WhiteElo "2039"]
[BlackElo "1997"]
[PlyCount "108"]
[EventDate "2008.03.16"]

1. e4 e6 2. d4 d5 3. Nd2 c5 4. exd5 exd5 5. Bb5+ Nc6 6. Ngf3 Bd6 7. dxc5 Bxc5
8. O-O Nge7 9. Nb3 Bb6 10. Bg5 f6 11. Bf4 O-O 12. c3 Bg4 13. Be2 Ng6 14. Bg3
Nce7 15. Nfd4 Bd7 16. Bd6 Bc6 17. Bxe7 Qxe7 18. Bg4 Ne5 19. Re1 f5 20. f4 fxg4
21. Rxe5 Qd7 22. g3 Rae8 23. Qd2 Rxe5 24. fxe5 h5 25. Re1 h4 26. gxh4 a5 27.
Kg2 a4 28. Nc1 Bd8 29. e6 Qe7 30. Qe3 Qxh4 31. e7 Bxe7 32. Nd3 Qh3+ 33. Qxh3
gxh3+ 34. Kxh3 Bf6 35. Nxc6 bxc6 36. Re6 a3 37. Rxc6 axb2 38. Nxb2 Be5 39. Kg2
d4 40. Nd3 Bf6 41. cxd4 Bxd4 42. a4 Ra8 43. Rc4 Be3 44. Kf3 Bg1 45. h3 Kf7 46.
Re4 Kf6 47. Nf4 Ra5 48. h4 Bh2 49. Kg4 Bxf4 50. Kxf4 g5+ 51. hxg5+ Rxg5 52. Ke3
Rd5 53. Rb4 Ke6 54. Rb5 Rxb5 1/2-1/2

[Event "XXIIè OPEN DEL CATALUNYA ESCAC"]
[Site "Casinet de Hostafrancs"]
[Date "2008.03.18"]
[Round "3.10"]
[White "Garcia Jimenez, Francisco J"]
[Black "Alcaraz Lopez, Francesc"]
[Result "1-0"]
[WhiteElo "2282"]
[BlackElo "1859"]
[PlyCount "165"]
[EventDate "2008.03.16"]

1. e4 c5 2. Nc3 Nc6 3. g3 g6 4. Bg2 Bg7 5. d3 d6 6. Nge2 Nf6 7. O-O O-O 8. h3
Ne8 9. Be3 f5 10. d4 cxd4 11. Bxd4 Nxd4 12. Nxd4 fxe4 13. Nxe4 Qb6 14. c3 Bxd4
15. cxd4 Nf6 16. Nxf6+ Rxf6 17. Re1 e6 18. Qd2 Bd7 19. Re3 Bc6 20. Rb3 Qc7 21.
d5 exd5 22. Bxd5+ Bxd5 23. Qxd5+ Rf7 24. Rc3 Qb6 25. Rf3 Raf8 26. Rc1 Kg7 27.
Rxf7+ Rxf7 28. Rc2 Rc7 29. Re2 Rf7 30. h4 Qc5 31. Qe6 h5 32. a3 Qc6 33. Qe3 Qc4
34. Rd2 Qc5 35. Qd3 Rd7 36. b4 Qe5 37. Re2 Qf6 38. a4 a6 39. b5 axb5 40. axb5
d5 41. Re4 d4 42. Kg2 Qd6 43. f4 Qd5 44. Kf2 Qa2+ 45. Re2 Qd5 46. Qe4 Qc5 47.
Qe5+ Qxe5 48. Rxe5 d3 49. Ke1 Kf6 50. Kd2 b6 51. Rg5 Rd6 52. f5 gxf5 53. Rxh5
Kg6 54. Rg5+ Kf6 55. Rg8 Kf7 56. Rc8 Rd5 57. h5 Rxb5 58. h6 Rb2+ 59. Kxd3 Rh2
60. Rc6 b5 61. Ke3 b4 62. Kf4 Rh5 63. Rb6 b3 64. Rxb3 Rxh6 65. Rb7+ Kg8 66.
Kxf5 Rc6 67. g4 Rc4 68. Kg6 Rc6+ 69. Kh5 Rc1 70. g5 Rh1+ 71. Kg6 Kf8 72. Rb8+
Ke7 73. Kg7 Ke6 74. g6 Ke7 75. Rb4 Rg1 76. Re4+ Kd8 77. Kh7 Rh1+ 78. Kg8 Rg1
79. g7 Kd7 80. Kf7 Rf1+ 81. Kg6 Rg1+ 82. Kf6 Rg2 83. Re5 1-0

[Event "XXIIè OPEN DEL CATALUNYA ESCAC"]
[Site "Casinet de Hostafrancs"]
[Date "2008.03.18"]
[Round "3.11"]
[White "Barroso Quinones, Antonio"]
[Black "Burgos Figueroa, Carlos E"]
[Result "0-1"]
[WhiteElo "1831"]
[BlackElo "2249"]
[PlyCount "92"]
[EventDate "2008.03.16"]

1. d4 Nf6 2. c4 c5 3. d5 b5 4. cxb5 a6 5. Nc3 axb5 6. Nxb5 Ba6 7. Nc3 d6 8. Nf3
Nbd7 9. g3 g6 10. Bg2 Bg7 11. O-O O-O 12. Re1 Ng4 13. Bf4 Qb6 14. Qd2 c4 15. e4
Rab8 16. Re2 Nge5 17. Bh6 Nxf3+ 18. Bxf3 Ne5 19. Kg2 Bxh6 20. Qxh6 Qa5 21. Rc1
Nd3 22. Rcc2 Nxb2 23. h4 Nd3 24. Qg5 Qd8 25. h5 e5 26. Qe3 Qf6 27. Qa7 Bc8 28.
Qc7 Bh3+ 29. Kxh3 Qxf3 30. Kh2 Qxh5+ 31. Kg2 Rfc8 32. Qxd6 Qg5 33. Re3 h5 34.
Qd7 Kg7 35. Kf1 Rd8 36. Qh3 Rb6 37. a4 Rf6 38. Nd1 Rb8 39. Ke2 Rb3 40. Qh4 Nf4+
41. Kd2 Qxh4 42. gxh4 Rb4 43. Ra3 c3+ 44. Nxc3 Rd4+ 45. Kc1 Rb6 46. Rb2 Nd3+
0-1

[Event "XXIIè OPEN DEL CATALUNYA ESCAC"]
[Site "Casinet de Hostafrancs"]
[Date "2008.03.19"]
[Round "4.1"]
[White "Martin Grillo, Ruben"]
[Black "Fernandez Gonzalez, Julio Honor"]
[Result "1-0"]
[WhiteElo "2221"]
[BlackElo "2082"]
[PlyCount "61"]
[EventDate "2008.03.16"]

1. e4 e5 2. Nf3 Nf6 3. Nxe5 d6 4. Nf3 Nxe4 5. d4 d5 6. Bd3 Be7 7. O-O Bg4 8. c4
Nc6 9. Nc3 Nxc3 10. bxc3 O-O 11. Re1 Re8 12. Bf4 dxc4 13. Bxc4 Na5 14. Bxf7+
Kxf7 15. Ne5+ Kg8 16. Qxg4 Bf6 17. Nd7 Kh8 18. Rxe8+ Qxe8 19. Nxf6 gxf6 20. Qf5
c5 21. Qxf6+ Kg8 22. Qg5+ Qg6 23. Qxc5 Rf8 24. Bg3 b6 25. Qd5+ Kg7 26. Re1 Nc6
27. h3 h5 28. Re6 Rf6 29. Rxf6 Qxf6 30. Be5 Nxe5 31. Qxe5 1-0

[Event "XXIIè OPEN DEL CATALUNYA ESCAC"]
[Site "Casinet de Hostafrancs"]
[Date "2008.03.19"]
[Round "4.2"]
[White "Vives Cabau, Jordi"]
[Black "Ruiz Mata, Oscar"]
[Result "0-1"]
[WhiteElo "2021"]
[BlackElo "2260"]
[PlyCount "106"]
[EventDate "2008.03.16"]

1. e4 e5 2. Bc4 Nf6 3. Nc3 Nc6 4. d3 Na5 5. Bb3 c6 6. Nge2 Be7 7. f4 d6 8. Be3
b5 9. Qd2 Ng4 10. Bg1 exf4 11. Nxf4 Bh4+ 12. g3 Ne5 13. O-O-O Bg5 14. Rf1 Bh3
15. Rf2 O-O 16. Kb1 Nxb3 17. cxb3 a5 18. Qc2 Bd7 19. h4 Be7 20. d4 Ng4 21. Rf3
f5 22. d5 fxe4 23. Ne6 Bxe6 24. Rxf8+ Qxf8 25. dxe6 Qf1+ 26. Qd1 Qxd1+ 27. Nxd1
d5 28. Bb6 Ra6 29. Bc7 c5 30. Nc3 Nf6 31. Nxb5 d4 32. Kc2 Nd5 33. Re1 e3 34. a3
Nxc7 35. Nxc7 Rc6 36. Nd5 Rxe6 37. Nf4 Rf6 38. Kd3 Bd6 39. Ne2 Rf2 40. b4 cxb4
41. a4 Rg2 42. Nxd4 Rxb2 43. Rxe3 Ra2 44. Kc4 Rxa4 45. Kd5 Bf8 46. Re8 Ra3 47.
g4 h6 48. Rb8 Rd3 49. Ke5 Re3+ 50. Kd5 a4 51. Ne6 Rxe6 52. Kxe6 a3 53. Ra8 b3
0-1

[Event "XXIIè OPEN DEL CATALUNYA ESCAC"]
[Site "Casinet de Hostafrancs"]
[Date "2008.03.19"]
[Round "4.4"]
[White "Mila Tejera, Jordi"]
[Black "Lacasta Palacios, Joaquim"]
[Result "0-1"]
[WhiteElo "2011"]
[BlackElo "2146"]
[PlyCount "76"]
[EventDate "2008.03.16"]

1. d4 f5 2. Nf3 Nf6 3. Bg5 Ne4 4. Bf4 c5 5. e3 Qb6 6. Nbd2 Nxd2 7. Nxd2 cxd4 8.
Bc4 Nc6 9. exd4 Qxd4 10. Be3 Qf6 11. O-O e6 12. Nf3 Be7 13. Nd4 Nxd4 14. Bxd4
Qf7 15. Be5 O-O 16. f4 d6 17. Bc3 Bd7 18. Qe2 d5 19. Bb3 b5 20. Rfe1 Bf6 21.
Be5 a5 22. a3 Qe7 23. Qd2 Qc5+ 24. Kh1 b4 25. Re3 Rac8 26. axb4 axb4 27. Bxf6
Rxf6 28. Ree1 h6 29. Ra2 Kh7 30. Rea1 Bb5 31. Ra7 Bc4 32. R1a5 Qb6 33. Ba4 Rc7
34. Ra8 d4 35. b3 Bd5 36. R8a6 Qb8 37. Rb5 Qc8 38. Rab6 Rxc2 0-1

[Event "XXIIè OPEN DEL CATALUNYA ESCAC"]
[Site "Casinet de Hostafrancs"]
[Date "2008.03.19"]
[Round "4.5"]
[White "Roca Diaz, Miguel Angel"]
[Black "Prunes Bosch, Alex"]
[Result "1-0"]
[WhiteElo "2109"]
[BlackElo "1626"]
[PlyCount "89"]
[EventDate "2008.03.16"]

1. Nf3 Nf6 2. c4 c5 3. g3 Nc6 4. Bg2 e6 5. O-O Be7 6. Nc3 O-O 7. a3 a6 8. d4
cxd4 9. Nxd4 e5 10. Nf5 d6 11. Nxe7+ Qxe7 12. Bg5 Be6 13. b3 h6 14. Bxf6 gxf6
15. Nd5 Bxd5 16. Bxd5 f5 17. e3 Kg7 18. Qf3 Rac8 19. Qxf5 Rc7 20. Rad1 Qg5 21.
Qxg5+ hxg5 22. Bxc6 Rxc6 23. Rd5 Kf6 24. f4 gxf4 25. exf4 e4 26. Re1 Re8 27.
Re3 Kg6 28. g4 f6 29. Kg2 b6 30. Kg3 a5 31. a4 Kg7 32. h4 Re6 33. f5 Re8 34.
Rd4 Kf7 35. Kf4 Rh8 36. Rdxe4 Rc7 37. h5 Rd7 38. Re6 Rhd8 39. Rd3 Kg7 40. h6+
Kf7 41. h7 Kg7 42. Rh3 Rh8 43. g5 fxg5+ 44. Kxg5 Rxh7 45. f6+ 1-0

[Event "XXIIè OPEN DEL CATALUNYA ESCAC"]
[Site "Casinet de Hostafrancs"]
[Date "2008.03.19"]
[Round "4.6"]
[White "Ridameya Tatche, Jose"]
[Black "Garcia Riera, Josep"]
[Result "1-0"]
[WhiteElo "2125"]
[BlackElo "1996"]
[PlyCount "93"]
[EventDate "2008.03.16"]

1. e4 Nf6 2. e5 Nd5 3. c4 Nb6 4. d4 d6 5. exd6 cxd6 6. b3 g6 7. Na3 Bg7 8. Be3
O-O 9. Qd2 Nc6 10. Rd1 e5 11. d5 Ne7 12. Bd3 Bg4 13. Ne2 Bf5 14. O-O Bxd3 15.
Qxd3 f5 16. f4 e4 17. Qd2 Nd7 18. Qb4 a5 19. Qd2 b6 20. Nb5 Nc5 21. Ned4 Qd7
22. Ne6 Rf7 23. Bd4 Bxd4+ 24. Qxd4 Re8 25. Qe3 Nxd5 26. Rxd5 Rxe6 27. Rfd1 Rff6
28. a3 Qc6 29. Nd4 Qc7 30. Nxe6 Rxe6 31. b4 axb4 32. axb4 Nb7 33. R1d4 Re8 34.
h3 h5 35. Qg3 Qf7 36. Qe3 Qc7 37. Kh2 Re6 38. Qe2 Nd8 39. c5 bxc5 40. bxc5 Nb7
41. cxd6 Rxd6 42. Rxd6 Nxd6 43. Qa2+ Kg7 44. Qd2 Nf7 45. Rd7 Qc4 46. Qb2+ Kh7
47. Qf6 1-0

[Event "XXIIè OPEN DEL CATALUNYA ESCAC"]
[Site "Casinet de Hostafrancs"]
[Date "2008.03.19"]
[Round "4.7"]
[White "Saiz Rodrigo, Josep Fernando"]
[Black "Garcia Jimenez, Francisco J"]
[Result "0-1"]
[WhiteElo "1977"]
[BlackElo "2271"]
[PlyCount "34"]
[EventDate "2008.03.16"]

1. e4 d5 2. exd5 Qxd5 3. Nc3 Qd6 4. d4 Nf6 5. Nf3 a6 6. Ne5 Nc6 7. Bf4 Nxd4 8.
Bd3 Qb4 9. Nc4 Be6 10. a3 Qc5 11. Ne5 O-O-O 12. h3 g5 13. Bh2 h5 14. Qd2 Bh6
15. b4 Qa7 16. f4 gxf4 17. Bxf4 Nxc2+ 0-1

[Event "XXIIè OPEN DEL CATALUNYA ESCAC"]
[Site "Casinet de Hostafrancs"]
[Date "2008.03.19"]
[Round "4.8"]
[White "Burgos Figueroa, Carlos E"]
[Black "Vargas Drechsler, Carlos"]
[Result "1-0"]
[WhiteElo "2239"]
[BlackElo "1940"]
[PlyCount "25"]
[EventDate "2008.03.16"]

1. Nf3 d5 2. e4 dxe4 3. Ng5 Bf5 4. Nc3 Nf6 5. Bc4 e6 6. d3 exd3 7. Qf3 c6 8.
Nxf7 Kxf7 9. Qxf5 Qd7 10. O-O g6 11. Qf3 Kg7 12. Bh6+ Kxh6 13. Qxf6 1-0

[Event "XXIIè OPEN DEL CATALUNYA ESCAC"]
[Site "Casinet de Hostafrancs"]
[Date "2008.03.19"]
[Round "4.9"]
[White "Garreta Martinez, Albert"]
[Black "Slimani, Abderezzak"]
[Result "0-1"]
[WhiteElo "1960"]
[BlackElo "2049"]
[PlyCount "60"]
[EventDate "2008.03.16"]

1. d4 g6 2. c4 Bg7 3. Nc3 c5 4. e3 f5 5. Nf3 Na6 6. Be2 Nf6 7. O-O O-O 8. b3
Nc7 9. Bb2 b6 10. Qc2 Bb7 11. Rfd1 cxd4 12. exd4 Ne6 13. Bc1 Ne4 14. b4 Rc8 15.
Qb3 Nxc3 16. Qxc3 Qc7 17. Bb2 Nf4 18. Bf1 Kh8 19. Qd2 Bxf3 20. gxf3 d5 21. c5
g5 22. Ba6 Rb8 23. Bf1 Rf6 24. cxb6 axb6 25. Re1 Rh6 26. Re5 Bxe5 27. dxe5 e6
28. Bd3 Qf7 29. Qc3 Qh5 30. Kf1 Qxf3 0-1

[Event "XXIIè OPEN DEL CATALUNYA ESCAC"]
[Site "Casinet de Hostafrancs"]
[Date "2008.03.19"]
[Round "4.10"]
[White "Severri Arrese, Carlos"]
[Black "Arias Velasco, Jose"]
[Result "1-0"]
[WhiteElo "2063"]
[BlackElo "1859"]
[PlyCount "49"]
[EventDate "2008.03.16"]

1. d4 d5 2. Bg5 c6 3. Nf3 f6 4. Bc1 Bg4 5. Nbd2 e6 6. e3 Nd7 7. Be2 Bd6 8. c4
Ne7 9. O-O e5 10. cxd5 cxd5 11. e4 O-O 12. exd5 Nxd5 13. Ne4 N7b6 14. h3 Be6
15. Nc5 Bxc5 16. dxc5 Nd7 17. Bc4 Nxc5 18. b4 Nxb4 19. Bxe6+ Nxe6 20. Qb3 Qe7
21. Rb1 Nc6 22. Ba3 Qd7 23. Bxf8 Kxf8 24. Rfd1 Qe8 25. Qa3+ 1-0

[Event "XXIIè OPEN DEL CATALUNYA ESCAC"]
[Site "Casinet de Hostafrancs"]
[Date "2008.03.19"]
[Round "4.11"]
[White "Sanchez Viana, Jordi"]
[Black "Fabregas Fontanet, Antonio"]
[Result "0-1"]
[WhiteElo "1794"]
[BlackElo "2080"]
[PlyCount "58"]
[EventDate "2008.03.16"]

1. e4 g6 2. d4 Bg7 3. Nf3 d6 4. Bc4 Nf6 5. Nc3 O-O 6. O-O c6 7. Bd3 Bg4 8. h3
Bxf3 9. Qxf3 Qb6 10. Ne2 Nbd7 11. Rb1 c5 12. Be3 Qa5 13. a3 Rac8 14. g4 c4 15.
g5 Nh5 16. b4 Qc7 17. Rfc1 cxd3 18. cxd3 Qb8 19. Nc3 e6 20. Qg4 Rc7 21. Ne2
Rfc8 22. Rf1 b5 23. f4 Rc2 24. f5 exf5 25. exf5 Qb7 26. fxg6 hxg6 27. Rf2 Re8
28. Rbf1 Rxe3 29. Rxf7 Rg3+ 0-1

[Event "XXIIè OPEN DEL CATALUNYA ESCAC"]
[Site "Casinet de Hostafrancs"]
[Date "2008.03.20"]
[Round "5.1"]
[White "Ruiz Mata, Oscar"]
[Black "Martin Grillo, Ruben"]
[Result "1/2-1/2"]
[WhiteElo "2260"]
[BlackElo "2221"]
[PlyCount "27"]
[EventDate "2008.03.16"]

1. d4 d5 2. Nf3 Nf6 3. e3 c6 4. Bd3 Bg4 5. Nbd2 Nbd7 6. h3 Bxf3 7. Nxf3 e6 8.
O-O Bd6 9. Qe2 O-O 10. e4 dxe4 11. Bxe4 Qc7 12. Bg5 Nxe4 13. Qxe4 e5 14. dxe5
1/2-1/2

[Event "XXIIè OPEN DEL CATALUNYA ESCAC"]
[Site "Casinet de Hostafrancs"]
[Date "2008.03.20"]
[Round "5.2"]
[White "Capellades Subirana, Marc"]
[Black "Roca Diaz, Miguel Angel"]
[Result "1/2-1/2"]
[WhiteElo "2204"]
[BlackElo "2109"]
[PlyCount "150"]
[EventDate "2008.03.16"]

1. e4 c6 2. d4 d5 3. Nc3 dxe4 4. Nxe4 Bf5 5. Ng3 Bg6 6. Nf3 Nd7 7. Bd3 Ngf6 8.
Ne2 e6 9. Bf4 Be7 10. O-O Nh5 11. Re1 Bxd3 12. Qxd3 Nxf4 13. Nxf4 O-O 14. Re3
Qc7 15. Nh5 g6 16. Ng3 Rfe8 17. Ne4 Rad8 18. Neg5 Bf6 19. Rae1 Nf8 20. h4 c5
21. Ne4 Be7 22. Qc3 Rc8 23. dxc5 Nd7 24. h5 Bxc5 25. Nd4 Qe5 26. hxg6 hxg6 27.
Rd1 Bb6 28. Qd2 Nf6 29. Nc3 Qg5 30. Qe2 Rcd8 31. Nf3 Qf4 32. Red3 Rxd3 33. cxd3
Rd8 34. Ne5 Bc7 35. Nf3 Bb6 36. Ne5 Bxf2+ 37. Qxf2 Qxe5 38. Rf1 Kg7 39. Ne4
Nxe4 40. Qxf7+ Kh6 41. dxe4 Qc5+ 42. Qf2 Qxf2+ 43. Rxf2 a5 44. Rf7 b5 45. Rb7
b4 46. Kh2 Rd2 47. Rb5 Rxb2 48. Rxa5 Re2 49. e5 Kg5 50. Ra4 Rb2 51. Kg3 b3 52.
axb3 Rxb3+ 53. Kf2 Rb5 54. Kf3 Rxe5 55. Rg4+ Kh5 56. Rc4 Rf5+ 57. Kg3 e5 58.
Rc6 Kh6 59. Kg4 Rf4+ 60. Kg3 Kg5 61. Rc5 Kf5 62. Rb5 g5 63. Ra5 Rb4 64. Ra3 g4
65. Rc3 Rd4 66. Ra3 Rd2 67. Rb3 Ke4 68. Rb4+ Rd4 69. Rb5 Kf5 70. Rb3 Rd5 71.
Kf2 Rd2+ 72. Kg3 Rd4 73. Ra3 Ke6 74. Ra5 Kd6 75. Ra6+ Kd5 1/2-1/2

[Event "XXIIè OPEN DEL CATALUNYA ESCAC"]
[Site "Casinet de Hostafrancs"]
[Date "2008.03.20"]
[Round "5.3"]
[White "Lacasta Palacios, Joaquim"]
[Black "Burgos Figueroa, Carlos E"]
[Result "0-1"]
[WhiteElo "2146"]
[BlackElo "2239"]
[PlyCount "96"]
[EventDate "2008.03.16"]

1. g3 c5 2. Bg2 Nc6 3. e4 g6 4. d3 Bg7 5. f4 d6 6. Nf3 e6 7. O-O Nge7 8. Kh1
O-O 9. c3 Rb8 10. Be3 b5 11. d4 cxd4 12. cxd4 d5 13. e5 b4 14. Bg1 a5 15. Nbd2
Ba6 16. Re1 Bb5 17. Nb3 Ba4 18. Qd3 Bb5 19. Qd2 Nc8 20. Nc5 Nb6 21. b3 Nd7 22.
Rac1 Nxc5 23. Rxc5 a4 24. g4 Qd7 25. Nh4 axb3 26. axb3 Rfc8 27. f5 Bf8 28. f6
Na5 29. Rxc8 Rxc8 30. Qa2 Qc6 31. Nf3 Ra8 32. Qb1 Rc8 33. Qa2 Nb7 34. Be3 Bd3
35. Rc1 Qd7 36. Rxc8 Qxc8 37. Ne1 Be4 38. Bxe4 dxe4 39. Qc2 Qa8 40. Kg2 Na5 41.
Kg3 Qd5 42. g5 Nxb3 43. Kf4 Nxd4 44. Bxd4 Qxd4 45. Qxe4 Qf2+ 46. Nf3 b3 47. Qe3
Qc2 48. Qe4 Qc1+ 0-1

[Event "XXIIè OPEN DEL CATALUNYA ESCAC"]
[Site "Casinet de Hostafrancs"]
[Date "2008.03.20"]
[Round "5.4"]
[White "Garcia Jimenez, Francisco J"]
[Black "Severri Arrese, Carlos"]
[Result "1-0"]
[WhiteElo "2271"]
[BlackElo "2063"]
[PlyCount "87"]
[EventDate "2008.03.16"]

1. e4 g6 2. Nc3 Bg7 3. g3 h5 4. h3 c5 5. Bg2 a6 6. a4 Nc6 7. Nge2 d6 8. f4 e6
9. O-O Rb8 10. d3 Nge7 11. Be3 Nd4 12. Qd2 d5 13. Bxd4 cxd4 14. Nd1 dxe4 15.
dxe4 O-O 16. Nf2 b5 17. axb5 Rxb5 18. Nd3 Bb7 19. Ra4 Qb6 20. Kh2 Rd8 21. b3 f5
22. e5 Be4 23. Nb2 Qb7 24. Nxd4 Rbd5 25. Bxe4 fxe4 26. Qe3 Qa8 27. Qxe4 Rxd4
28. Qxa8 Rd2+ 29. Qg2 Rxg2+ 30. Kxg2 Nf5 31. Nc4 h4 32. g4 Ng3 33. Rf3 Rd1 34.
Rxg3 hxg3 35. Rxa6 g5 36. f5 exf5 37. gxf5 Bf8 38. Kxg3 Bc5 39. Kg4 Rg1+ 40.
Kh5 Rg3 41. Kg6 Rxh3 42. Nd6 Kf8 43. f6 Bxd6 44. Ra8+ 1-0

[Event "XXIIè OPEN DEL CATALUNYA ESCAC"]
[Site "Casinet de Hostafrancs"]
[Date "2008.03.20"]
[Round "5.5"]
[White "Fabregas Fontanet, Antonio"]
[Black "Ridameya Tatche, Jose"]
[Result "1-0"]
[WhiteElo "2080"]
[BlackElo "2125"]
[PlyCount "99"]
[EventDate "2008.03.16"]

1. e4 e5 2. Nf3 Nc6 3. Bb5 a6 4. Ba4 Nf6 5. O-O Be7 6. Re1 b5 7. Bb3 d6 8. c3
O-O 9. d3 Na5 10. Bc2 Bg4 11. Nbd2 d5 12. exd5 Nxd5 13. h3 Bh5 14. Rxe5 Bg6 15.
Nf1 Nc6 16. Re1 Bd6 17. Ng3 Qd7 18. Ne4 Be7 19. a3 Kh8 20. d4 Rfe8 21. Bd2 f5
22. Nc5 Bxc5 23. dxc5 Rxe1+ 24. Qxe1 Re8 25. Qf1 Nf6 26. Bf4 Qe7 27. b4 Ne4 28.
c4 Rb8 29. cxb5 axb5 30. Bd3 Bh5 31. Re1 Na7 32. Nd4 Qd7 33. Nxf5 Qxf5 34. Rxe4
Qf7 35. Bg5 Qd5 36. Bh4 Nc6 37. Re3 Nd4 38. Bg3 Qd7 39. Be5 Rd8 40. Rg3 Bg6 41.
Bxg6 hxg6 42. Qd3 Nf5 43. Qxd7 Rxd7 44. Rxg6 Rd3 45. Ra6 c6 46. Rxc6 Rxa3 47.
Rb6 Ra2 48. c6 Rc2 49. c7 Kh7 50. Rb8 1-0

[Event "XXIIè OPEN DEL CATALUNYA ESCAC"]
[Site "Casinet de Hostafrancs"]
[Date "2008.03.20"]
[Round "5.6"]
[White "Fernandez Gonzalez, Julio Honor"]
[Black "Campo Echevarria, Juan Francisco"]
[Result "1-0"]
[WhiteElo "2082"]
[BlackElo "2023"]
[PlyCount "91"]
[EventDate "2008.03.16"]

1. d4 Nf6 2. Bg5 Ne4 3. Bf4 c5 4. f3 Qa5+ 5. c3 Nf6 6. d5 d6 7. e4 g6 8. Nd2
Bg7 9. Ne2 Nh5 10. Nc4 Qc7 11. a4 Nxf4 12. Nxf4 Nd7 13. Be2 O-O 14. O-O b6 15.
Qc2 Ba6 16. Na3 Bb7 17. a5 a6 18. axb6 Nxb6 19. Nc4 Nxc4 20. Bxc4 Rfb8 21. h4
Bc8 22. g4 Rb6 23. Qe2 Rab8 24. Ra2 Qb7 25. Nd3 e6 26. f4 exd5 27. Bxd5 Qe7 28.
g5 Be6 29. Qf3 Bxd5 30. exd5 Qc7 31. f5 c4 32. Nb4 Qc5+ 33. Kh1 Be5 34. fxg6
fxg6 35. Nxa6 Rxa6 36. Rxa6 Kh8 37. Rc6 Qa7 38. Qf7 Qe3 39. Qf3 Qd2 40. Rf2
Qe1+ 41. Kg2 Bg7 42. Rc7 Re8 43. Rxc4 h6 44. Rf4 hxg5 45. hxg5 Qe5 46. Rh4+ 1-0

[Event "XXIIè OPEN DEL CATALUNYA ESCAC"]
[Site "Casinet de Hostafrancs"]
[Date "2008.03.20"]
[Round "5.7"]
[White "Slimani, Abderezzak"]
[Black "Martorell Aubanell, Adria"]
[Result "0-1"]
[WhiteElo "2049"]
[BlackElo "2028"]
[PlyCount "66"]
[EventDate "2008.03.16"]

1. c4 Nf6 2. Nc3 g6 3. g3 Bg7 4. Bg2 O-O 5. d4 d6 6. Nf3 Nbd7 7. O-O e5 8. e4
h6 9. d5 a5 10. Ne1 Nh7 11. Nd3 f5 12. f4 b6 13. fxe5 dxe5 14. exf5 gxf5 15. d6
e4 16. Nf4 Ndf6 17. Ng6 Re8 18. dxc7 Qxc7 19. Be3 Be6 20. Nb5 Qf7 21. Ne5 Qe7
22. Bxb6 Rab8 23. Nc6 Qb7 24. Nxb8 Qxb6+ 25. Kh1 Rxb8 26. Qd4 Ng4 27. Qxb6 Rxb6
28. Nc7 Bxc4 29. Rxf5 Ne3 30. Rxa5 Nxg2 31. Kxg2 Rxb2+ 32. Kh3 Ng5+ 33. Kg4 Rb7
0-1

[Event "XXIIè OPEN DEL CATALUNYA ESCAC"]
[Site "Casinet de Hostafrancs"]
[Date "2008.03.20"]
[Round "5.8"]
[White "Martin Sanchez, Enric"]
[Black "Julbe Canet, Josep"]
[Result "1-0"]
[WhiteElo "2030"]
[BlackElo "2095"]
[PlyCount "67"]
[EventDate "2008.03.16"]

1. e4 e5 2. Nf3 Nc6 3. Nc3 Nf6 4. d4 exd4 5. Nd5 Nxd5 6. exd5 Bb4+ 7. Bd2 Qe7+
8. Be2 d3 9. cxd3 Ne5 10. O-O Bxd2 11. Qxd2 O-O 12. Rfe1 Ng6 13. Ng5 h6 14. Ne4
d6 15. Rac1 f5 16. Ng3 Qd8 17. Qc3 Ne7 18. Nh5 Rf7 19. Bf3 c5 20. dxc6 bxc6 21.
Re2 Nd5 22. Qxc6 Bb7 23. Qb5 Qg5 24. Rce1 f4 25. Re8+ Kh7 26. h4 Qxh4 27. Rxa8
Bxa8 28. Qe8 Re7 29. Rxe7 Nxe7 30. Bxa8 a5 31. Qf7 Qg5 32. Nxf4 Nf5 33. Be4
Qxf4 34. Qxf5+ 1-0

[Event "XXIIè OPEN DEL CATALUNYA ESCAC"]
[Site "Casinet de Hostafrancs"]
[Date "2008.03.20"]
[Round "5.9"]
[White "Bonay Toscas, Santiago"]
[Black "Mila Tejera, Jordi"]
[Result "0-1"]
[WhiteElo "1895"]
[BlackElo "2011"]
[PlyCount "60"]
[EventDate "2008.03.16"]

1. d4 c5 2. d5 g6 3. g3 Bg7 4. Bg2 d6 5. e4 b5 6. Ne2 Nd7 7. f4 Rb8 8. O-O Ngf6
9. c3 O-O 10. Qc2 Qb6 11. Kh1 a5 12. Be3 Ng4 13. Bg1 Nh6 14. Nd2 f5 15. exf5
Nxf5 16. Rae1 Nf6 17. h3 Bb7 18. c4 bxc4 19. Nxc4 Qa6 20. Rd1 Qa8 21. Qd3 e6
22. Nc3 exd5 23. Nb6 Qa6 24. Ncxd5 Qxd3 25. Rxd3 Ba6 26. Nxf6+ Bxf6 27. Bd5+
Kg7 28. Nc4 Ne7 29. Rc1 Nxd5 30. Rxd5 Bb7 0-1

[Event "XXIIè OPEN DEL CATALUNYA ESCAC"]
[Site "Casinet de Hostafrancs"]
[Date "2008.03.20"]
[Round "5.10"]
[White "Alcaraz Lopez, Francesc"]
[Black "Vives Cabau, Jordi"]
[Result "1/2-1/2"]
[WhiteElo "1909"]
[BlackElo "2021"]
[PlyCount "50"]
[EventDate "2008.03.16"]

1. c4 f5 2. d4 e6 3. g3 Nf6 4. Bg2 Bb4+ 5. Bd2 Be7 6. Nf3 O-O 7. O-O Ne4 8. Nc3
Bf6 9. Rc1 c6 10. d5 Nxd2 11. Qxd2 d6 12. dxe6 Bxe6 13. b3 Qe7 14. Nd4 Bxd4 15.
Qxd4 c5 16. Qe3 Nc6 17. Nd5 Qd7 18. Rcd1 Rfe8 19. Qd2 Rad8 20. Nf4 Bf7 21. e3
Ne5 22. Nd3 Qe7 23. Nf4 Rd7 24. Qc2 g6 25. Nd5 Bxd5 1/2-1/2